000 00669nam a2200205Ia 4500
003 OSt
005 20260507164957.0
008 210210b1987 xxu||||| |||| 00| 0 eng d
040 _cAL
041 _aSanskrit
082 _aS891.2 VENL
100 _aVENKAMATYA.
_dवेङ्कामात्येन
_9263590
245 _aLaksmisvayamvara samvakara.
_bलक्ष्मीस्वयंवरसमवकार
260 _aMysore.
_bOriental Research Institute.,
_c1987
300 _axvi,72,8
690 _aSanskrit Drama
_9263591
700 _aRaghavendra rao
_dराघवेन्द्र राव् ed
_9263592
906 _a045843
942 _2ddc
_cBK
999 _c95134
_d95134